00646nam a2200205 a 450000100060000000300080000600500170001400800410003103500190007204000270009104100080011808200220012624500740014826000490022230000240027150400300029560000640032570000320038970000190042154587BD-RjUL20211209080136.0161107s1966 nyu b 001 0 eng  a(BD-RjUL)54709 aDLCcDLCdBD-RjULbeng aeng00223a823bDIC 196614aThe Dickens critics /cedited by George H. Ford and Lauriat Lane, Jr. aNew York :bCornell University Press,c1966. ax, 417 p. ;c22 cm. aBibliography: p. 387-410.10aDickens, Charles,d1812-1870xCriticism and interpretation.1 aFord, George H.d1925-2005.1 aLane, Lauriat,